000 00457pab a2200181 454500
008 180718b2013 xxu||||| |||| 00| 0 eng d
100 _aKaushik, B.K.
245 _aHow to reform parliamentary democracy in India
260 _c2013
300 _ap.21-22.
362 _a18 May
650 _aDemocracy - India
650 _aParliamentary systems - India
650 _aParliamentary systems
773 _aMainstream
908 _aN
909 _a101318
999 _c101316
_d101316